Play Games with English. Book 1 : Teachers' Book /
Saved in:
| Main Author: | |
|---|---|
| Format: | Book |
| Language: | English |
| Published: |
Oxford :
Heinemann International a division of Heinemann Educational Books Ltd,
1980
|
| Series: | Heinemann Games Series
|
| Tags: |
No Tags, Be the first to tag this record!
|
MARC
| LEADER | 00000nam a22000003a 4500 | ||
|---|---|---|---|
| 001 | stu19223 | ||
| 005 | 20150617225755.6 | ||
| 008 | 920727s1980----uk------------------eng-d | ||
| 020 | |a 0 435 28061 9 | ||
| 040 | |a STU |b slo | ||
| 041 | 0 | |a eng | |
| 044 | |a uk | ||
| 080 | |a 802.0 | ||
| 100 | 1 | |a Granger, Colin |4 aut | |
| 245 | 1 | |a Play Games with English. Book 1 : |b Teachers' Book / |c [aut.]Granger,Colin | |
| 260 | |a Oxford : |b Heinemann International a division of Heinemann Educational Books Ltd, |c 1980 | ||
| 300 | |a 63 s : |b Obr.,tab.,index | ||
| 830 | 0 | |a Heinemann Games Series | |
| 996 | |b C89929 |c C*89929 |l CCXVII |s P |a 0 |w stu19223_0001 | ||